000 00507nam a22001457a 4500
008 150519b xxu||||| |||| 00| 0 eng d
020 _a9966467126
050 _aPL 8703 .N33 1991
100 _aNdalu, Ahmed & Ikambili, Henrietta
_d1991
245 _aKamusi ya Vitendawili na Mafunzo.
_cAhmed Ndalu & Henritta M. Ikambili
260 _aNairobi
_bHeinemann
_c1991
300 _a111p.
440 _aKamusi ya Vitendawili na Mafunzo.
942 _2lcc
_cBOOKS
_hPL 8703 .N33 1991
_kPL
_m 8703 .N33 1991
_01
999 _c825
_d825